Central Library OPAC University of Rajshahi

History of the Islamic world / (Record no. 32620)

MARC details
000 -LEADER
fixed length control field 00604nam a22002177a 4500
001 - CONTROL NUMBER
control field 32620
003 - CONTROL NUMBER IDENTIFIER
rucl marc code BD-RjUL
005 - DATE AND TIME OF LATEST TRANSACTION
control field 20211209051851.0
008 - FIXED-LENGTH DATA ELEMENTS--GENERAL INFORMATION
fixed length control field 140427t1996 ii |||| |||| 001 0 eng d
035 ## - SYSTEM CONTROL NUMBER
System control number (BD-RjUL)32709
040 ## - CATALOGING SOURCE
Original cataloging agency BD-RjUL
Language of cataloging eng
Transcribing agency BD-RjUL
041 ## - LANGUAGE CODE
Language code of text/sound track or separate title eng
082 ## - DEWEY DECIMAL CLASSIFICATION NUMBER
Classification number 956
Author mark and year AHH 1996
100 1# - MAIN ENTRY--PERSONAL NAME
Personal name Ahsanullah, M
9 (RLIN) 99265
245 10 - TITLE STATEMENT
Title History of the Islamic world /
Statement of responsibility, etc. M Ahsanullah
260 ## - PUBLICATION, DISTRIBUTION, ETC. (IMPRINT)
Place of publication, distribution, etc. New Delhi :
Name of publisher, distributor, etc. Deep & Deep Publications,
Date of publication, distribution, etc. ©1996.
300 ## - PHYSICAL DESCRIPTION
Pagination 311 p. ;
Size 24 cm.
504 ## - BIBLIOGRAPHY, ETC. NOTE
Bibliography, etc Includes index.
650 17 - SUBJECT ADDED ENTRY--TOPICAL TERM
Topical term or geographic name as entry element Islamic Empire -- History.
9 (RLIN) 60489
942 ## - ADDED ENTRY ELEMENTS (KOHA)
Source of classification or shelving scheme Dewey Decimal Classification
Koha item type Books
Holdings
Lost status Source of classification or shelving scheme Damaged status Not for loan Collection code Permanent Location Current Location Shelving location Date acquired Source of acquisition Cost, normal purchase price Total Checkouts Full call number Date last seen Copy number Koha item type
  Dewey Decimal Classification     Non-fiction Central Library, University of Rajshahi Central Library, University of Rajshahi   27/11/1996 Tulip enterprise 300.00   956 AHH 1996 27/04/2014 C-3 Books
  Dewey Decimal Classification       Central Library, University of Rajshahi Central Library, University of Rajshahi   27/11/1996 Tulip 300.00   956 AHH 1996 28/04/2014 C-2 Books
  Dewey Decimal Classification   Not For Loan Non-fiction Central Library, University of Rajshahi Central Library, University of Rajshahi Reading Room 27/11/1996 Tulip Enterprise, Dhaka 300.00   956 AHH 1996 04/12/2016 C-1 Books